| 000 | 01132nam a2200205 a 4500 | ||
|---|---|---|---|
| 001 | 000687440 | ||
| 003 | AM-YeHGA | ||
| 005 | 20250617142308.0 | ||
| 008 | 091002s1985 ||| r 000 0 rus d | ||
| 040 | _aAM-YeHGA | ||
| 041 | 0 | _arus | |
| 245 | 0 | 0 |
_aПрочность материалов и элементов конструкций в условиях низких температур : _bСборник научных трудов / _cАН СССР, Сиб. отд-ние, Якут. фил., Ин-т физ.-техн. пробл. Севера; Редкол.: Н.В. Черский (отв. ред.) и др. |
| 260 |
_aЯкутск : _bЯФ СО АН СССР, _c1985. |
||
| 300 |
_a122 с. : _b[1] л. схем. |
||
| 504 | _aБиблиогр. в конце ст. | ||
| 653 | 0 | _aКонструкционные материалы - Прочность при низких температурах - Сборники | |
| 700 | 1 |
_aЧерский, Николай Васильевич _eред. _4edt |
|
| 710 | 2 | _aИнститут физико-технических проблем Севера АН ССР | |
| 090 | _c256610 | ||
| 999 |
_c255006 _d255006 |
||